La Europa remodelada (Record no. 75527)

MARC details
000 -LEADER
campo de control de longitud fija 00782nam a2200229 i 4500
001 - NÚMERO DE CONTROL
campo de control 75527
003 - IDENTIFICADOR DE NÚMERO DE CONTROL
campo de control ES-MaACL
005 - FECHA Y HORA DE LA ÚLTIMA TRANSACCIÓN
campo de control 20250815050733.0
007 - CAMPO FIJO DE DESCRIPCIÓN FÍSICA--INFORMACIÓN GENERAL
campo de control de longitud fija t|
008 - DATOS DE LONGITUD FIJA--INFORMACIÓN GENERAL
campo de control de longitud fija 040924s1979 sp ||||1| spa d
100 1# - ENTRADA PRINCIPAL--NOMBRE DE PERSONA
Nombre de persona Grenville, J. A. S.
9 (RLIN) 59947
245 13 - MENCIÓN DEL TÍTULO
Título La Europa remodelada
Resto del título : 1848-1878 /
Mención de responsabilidad, etc. J. A. S. Grenville ; [traducción de Bárbara McShane y Javier Alfaya].
250 ## - MENCION DE EDICION
Mención de edición [1ª ed.].
260 ## - PUBLICACIÓN, DISTRIBUCIÓN, ETC.
Lugar de publicación, distribución, etc. Madrid :
Nombre del editor, distribuidor, etc. Siglo Veintiuno,
Fecha de publicación, distribución, etc. [1979]
300 ## - DESCRIPCIÓN FÍSICA
Extensión VI, 528 p. :
Otras características físicas il. ;
Dimensiones 18 cm.
490 1# - MENCIÓN DE SERIE
Mención de serie Historia de Europa siglo veintiuno ;
Designación de volumen o secuencia 9
700 1# - ENTRADA AGREGADA--NOMBRE PERSONAL
Nombre de persona McShane, Barbara.
9 (RLIN) 75279
700 1# - ENTRADA AGREGADA--NOMBRE PERSONAL
Nombre de persona Alfaya, Javier,
Fechas asociadas al nombre 1939-2018
9 (RLIN) 19827
830 00 - PUNTO DE ACCESO ADICIONAL DE SERIE-TÍTULO UNIFORME
Título uniforme Historia de Europa (Siglo XXI)
Designación de volumen o secuencia 9
9 (RLIN) 182613
852 ## - LOCALIZACIÓN
Ubicación ES-MaACL
Número de control de estantería A-10506
Sublocalización o colección R.99797
Holdings
Estatus retirado Estado de pérdida Estado de daño No para préstamo Biblioteca de origen Biblioteca actual Ubicación en estantería Fecha de adquisición Fuente de adquisición Total de préstamos Signatura topográfica completa Código de barras Visto por última vez Precio de reemplazo Tipo de ítem Koha
        Biblioteca del Ateneo de Madrid Biblioteca del Ateneo de Madrid Depósito 1 17/01/2008     A-10506 1079053 23/02/2023 23/02/2023 Libro impreso